Mal's - Name the largest populated City when it is not the Country's Capital - Statistics

General Stats
  • This quiz has been taken 1,059 times
    1,052 since last reset
  • The average score is 15 of 20
Answer Stats
Hint Answer % Correct
USA New York
98%
Australia Sydney
98%
Turkey Istanbul
97%
Canada Toronto
95%
Brazil Sao Paulo
91%
India Mumbai
90%
China Shanghai
89%
Switzerland Zurich
89%
New Zealand Auckland
88%
Morocco Casablanca
87%
Vietnam Ho Chi Minh City
86%
Nigeria Lagos
86%
Pakistan Karachi
77%
Tanzania Dar es Salaam
66%
Kazakhstan Almaty
57%
Myanmar Yangon
53%
Belize Belize City
52%
Ivory Coast Abidjan
50%
Cameroon Douala
31%
Bolivia Santa Cruz
29%
No matching quizzes found
Score Distribution
Percent of People with Each Score
Percentile by Number Answered
Your Score History
You have not taken this quiz since the last reset